La música actual en Europa y sus problemas / (Record no. 137585)

MARC details
000 -LEADER
campo de control de longitud fija 00575nam a2200193 i 4500
001 - NÚMERO DE CONTROL
campo de control 137585
003 - IDENTIFICADOR DE NÚMERO DE CONTROL
campo de control ES-MaACL
005 - FECHA Y HORA DE LA ÚLTIMA TRANSACCIÓN
campo de control 20250811063144.0
007 - CAMPO FIJO DE DESCRIPCIÓN FÍSICA--INFORMACIÓN GENERAL
campo de control de longitud fija t|
008 - DATOS DE LONGITUD FIJA--INFORMACIÓN GENERAL
campo de control de longitud fija 070214s1935 sp r ||||1| spa d
100 1# - ENTRADA PRINCIPAL--NOMBRE DE PERSONA
Nombre de persona Salazar, Adolfo,
Fechas asociadas al nombre 1890-1958
9 (RLIN) 101798
245 13 - MENCIÓN DEL TÍTULO
Título La música actual en Europa y sus problemas /
Mención de responsabilidad, etc. Adolfo Salazar.
260 ## - PUBLICACIÓN, DISTRIBUCIÓN, ETC.
Lugar de publicación, distribución, etc. Madrid :
Nombre del editor, distribuidor, etc. J. Mª Yagües,
Fecha de publicación, distribución, etc. 1935.
300 ## - DESCRIPCIÓN FÍSICA
Extensión 480 p. ;
Dimensiones 19 cm.
650 04 - PUNTO DE ACCESO ADICIONAL DE MATERIA--TÉRMINO DE MATERIA
Término de materia o nombre geográfico como elemento de entrada Música-
Subdivisión cronológica S.XX.
9 (RLIN) 15401
852 ## - LOCALIZACIÓN
Ubicación ES-MaACL
Número de control de estantería E-966
Sublocalización o colección R.26478
852 ## - LOCALIZACIÓN
Ubicación ES-MaACL
Número de control de estantería A-3627
Sublocalización o colección R.15092
Holdings
Estatus retirado Estado de pérdida Estado de daño No para préstamo Biblioteca de origen Biblioteca actual Ubicación en estantería Fecha de adquisición Fuente de adquisición Total de préstamos Signatura topográfica completa Código de barras Visto por última vez Precio de reemplazo Tipo de ítem Koha
        Biblioteca del Ateneo de Madrid Biblioteca del Ateneo de Madrid Sala Pecera Planta 1 17/01/2008     A-3627 1143175 23/02/2023 23/02/2023 Libro impreso
        Biblioteca del Ateneo de Madrid Biblioteca del Ateneo de Madrid Depósito 2 17/01/2008     E-966 1143174 23/02/2023 23/02/2023 Libro impreso